[Event "64. BEM 2010"]
[Site "Dortmund"]
[Date "2010.03.11"]
[Round "9.6"]
[White "Zelt, Jens"]
[Black "Türtmann, Werner"]
[Result "1-0"]
[WhiteElo "2020"]
[BlackElo "1579"]
[PlyCount "83"]
[EventDate "2010.??.??"]
[Source "SG Dortmund"]
[SourceDate "2004.12.16"]

1. d4 d5 2. Nf3 Nc6 3. Bf4 h6 4. h3 Bf5 5. c3 e6 6. Nbd2 Bd6 7. e3 Bxf4 8. exf4
a6 9. a4 Nf6 10. g3 O-O 11. a5 Ne4 12. Qe2 Nxd2 13. Nxd2 Na7 14. Bg2 Nb5 15.
O-O c6 16. Rfe1 Rc8 17. Nb3 Rc7 18. Nc5 Re7 19. g4 Bh7 20. f5 Rfe8 21. fxe6
fxe6 22. f4 Qc8 23. Qe3 Nd6 24. b3 Nf7 25. Ra2 Nh8 26. Rf2 Ng6 27. b4 Nf8 28.
f5 exf5 29. Qxe7 Rxe7 30. Rxe7 Ng6 31. Rd7 Qe8 32. gxf5 Qe1+ 33. Rf1 Qe3+ 34.
Kh2 Nf8 35. Rf3 Qd2 36. Rxb7 g5 37. fxg6 Bxg6 38. Rb8 Be4 39. Rbxf8+ Kg7 40.
Ne6+ Kh7 41. Rg3 ({
Hier wurde (vermutlich vom Weissspieler) die alternative Gewinnfuehrung} 41.
R3f7+ Kg6 42. Rg7+ Kh5 43. Nf4+ Qxf4+ 44. Rxf4 Bxg2 45. Kg3 $1 {eingegeben.
Exakt dieselbe Mattfuehrung mit Doppelturm und Koenig (bei ansonsten
annaehernder Materialgleichheit beider Seiten) war Zelt drei Runden zuvor
gegen Lindam gelungen. - Schulenburg}) 41... Bxg2 42. Rg7# 1-0

[Event "64. BEM 2010"]
[Site "Dortmund"]
[Date "2010.03.11"]
[Round "9.7"]
[White "Zimmermann, Dirk"]
[Black "Raskin, Vitali"]
[Result "1/2-1/2"]
[WhiteElo "1960"]
[BlackElo "1653"]
[PlyCount "76"]
[EventDate "2010.??.??"]
[Source "SG Dortmund"]
[SourceDate "2004.12.16"]

1. Nf3 Nc6 2. g3 e5 3. d3 Nf6 4. Bg2 d5 5. O-O h6 6. b3 d4 7. e4 Be7 8. Nbd2
O-O 9. Nh4 Ng4 10. Nf5 Bxf5 11. exf5 Nf6 12. Nc4 Nd5 13. Bd2 Qd7 14. a3 b5 15.
Na5 Nxa5 16. Bxa5 Rac8 17. Qf3 c6 18. Qe4 Nf6 19. Qxe5 Rfe8 20. Qf4 c5 21. Rfe1
Bd6 22. Qf3 b4 23. Rxe8+ Rxe8 24. h3 Qb5 25. axb4 cxb4 26. Qb7 Qc5 27. Qc6 Qxc6
28. Bxc6 Rc8 29. Bb5 Rxc2 30. Bd8 Bc5 31. Bxf6 gxf6 32. Ra6 Bb6 33. Bc4 Re2 34.
Kg2 Re5 35. g4 Kf8 36. Kf3 Ke7 37. Ra2 a5 38. Re2 Bc7 1/2-1/2

[Event "64. BEM 2010"]
[Site "Dortmund"]
[Date "2010.03.11"]
[Round "9.8"]
[White "Lauche, Christoph"]
[Black "Dreier, Daniel"]
[Result "1-0"]
[WhiteElo "1960"]
[BlackElo "1792"]
[PlyCount "51"]
[EventDate "2010.??.??"]
[Source "SG Dortmund"]
[SourceDate "2004.12.16"]

1. e4 e6 2. d4 d5 3. e5 c5 4. b4 cxd4 5. a3 Nc6 6. f4 Qc7 7. Nf3 Bd7 8. Bd3 h6
9. Nbd2 g5 10. Nb3 Be7 11. O-O gxf4 12. Bxf4 Bg5 13. Qd2 O-O-O 14. b5 Nce7 15.
Nbxd4 Rf8 16. c4 Kb8 17. Rfc1 dxc4 18. Bxc4 Bxf4 19. Qxf4 Qb6 20. a4 Nd5 21.
Bxd5 exd5 22. e6+ Ka8 23. exd7 Ne7 24. a5 Qg6 25. a6 b6 26. Qc7 1-0

[Event "64. BEM 2010"]
[Site "Dortmund"]
[Date "2010.03.11"]
[Round "9.9"]
[White "Schultz, Bernfried"]
[Black "Morawietz, Manuel"]
[Result "1-0"]
[WhiteElo "1710"]
[BlackElo "1952"]
[PlyCount "113"]
[EventDate "2010.??.??"]
[Source "SG Dortmund"]
[SourceDate "2004.12.16"]

1. e4 e6 2. d4 d5 3. Nc3 Nf6 4. Bg5 Bb4 5. e5 h6 6. Bd2 Bxc3 7. bxc3 Ne4 8. Bd3
Nxd2 9. Qxd2 c5 10. dxc5 Qa5 11. Nf3 Qxc5 12. O-O Nc6 13. Rab1 a6 14. a4 O-O
15. Rfe1 Rd8 16. Nd4 Ne7 17. Rb4 a5 18. Nb3 Qc7 19. Rb5 b6 20. Nd4 Bd7 21. Rb2
Bxa4 22. Nb5 Bxb5 23. Rxb5 a4 24. f4 a3 25. Ra1 Ra4 26. Rb4 Qc5+ 27. Kf1 Rda8
28. Rb5 Qc7 29. Rb4 Nc6 30. Rxa4 Rxa4 31. Qc1 a2 32. Bb5 Ra5 33. Qb2 Na7 34.
Bd3 Qc5 35. Rxa2 Nc6 36. Rxa5 Nxa5 37. Qb5 Qxb5 38. Bxb5 f6 39. exf6 gxf6 40.
Ke2 Kf7 41. Kd3 e5 42. c4 dxc4+ 43. Bxc4+ Nxc4 44. Kxc4 Ke6 45. fxe5 fxe5 46.
g4 b5+ 47. Kc5 Kf6 48. h4 Ke6 49. c3 Kf6 50. Kd5 h5 51. gxh5 Kf5 52. h6 Kg6 53.
Kxe5 Kxh6 54. Kd5 Kh5 55. Kc5 Kxh4 56. Kxb5 Kg5 57. c4 1-0

[Event "64. BEM 2010"]
[Site "Dortmund"]
[Date "2010.03.11"]
[Round "9.11"]
[White "Gegner, Michael"]
[Black "Vojdani, Bahram"]
[Result "1/2-1/2"]
[WhiteElo "1551"]
[BlackElo "1735"]
[PlyCount "59"]
[EventDate "2010.??.??"]
[Source "SG Dortmund"]
[SourceDate "2004.12.16"]

1. d4 Nf6 2. Nc3 d5 3. e4 dxe4 4. f3 exf3 5. Nxf3 Bg4 6. h3 Bxf3 7. Qxf3 c6 8.
Qf2 e6 9. Bd3 Bd6 10. Bg5 Nbd7 11. O-O h6 12. Qh4 Be7 13. Rf3 Qa5 14. Ne4 O-O-O
15. Bd2 Qb6 16. Qe1 Nxe4 17. Bxe4 Nf6 18. Bd3 Rd7 19. c3 Bd6 20. b4 e5 21. Bf5
exd4 22. Bxd7+ Kxd7 23. cxd4 Qxd4+ 24. Kh1 Re8 25. Re3 Rxe3 26. Bxe3 Qe5 27.
Bg1 Ne4 28. Rd1 Ng3+ 29. Kh2 Nf1+ 30. Kh1 1/2-1/2

[Event "64. BEM 2010"]
[Site "Dortmund"]
[Date "2010.03.11"]
[Round "9.13"]
[White "Duschek, Günter"]
[Black "Siwy, Boguslaw"]
[Result "1/2-1/2"]
[WhiteElo "1607"]
[BlackElo "1479"]
[PlyCount "59"]
[EventDate "2010.??.??"]
[Source "SG Dortmund"]
[SourceDate "2004.12.16"]

1. d4 d5 2. Bf4 Nf6 3. Nf3 e6 4. c3 b6 5. e3 Bb7 6. Bb5+ Nbd7 7. Ne5 a6 8. Ba4
b5 9. Bc2 Bd6 10. O-O O-O 11. Nxd7 Qxd7 12. Bg5 Ne4 13. Bxe4 dxe4 14. Nd2 e5
15. Bh4 exd4 16. cxd4 Qe6 17. Bg3 Qg6 18. Rc1 f5 19. Bxd6 Qxd6 20. f4 Bd5 21.
a3 Rf6 22. Rc5 Rh6 23. Qe2 c6 24. Rfc1 Qf6 25. Nb1 Qh4 26. g3 Qh3 27. Nc3 Bc4
28. Qg2 Qg4 29. Re1 Rd8 30. Qf2 1/2-1/2

[Event "64. BEM 2010"]
[Site "Dortmund"]
[Date "2010.03.11"]
[Round "9.14"]
[White "Grube, Jörg"]
[Black "Komenda, Thomas"]
[Result "0-1"]
[WhiteElo "1730"]
[BlackElo "1461"]
[PlyCount "78"]
[EventDate "2010.??.??"]
[Source "SG Dortmund"]
[SourceDate "2004.12.16"]

1. e4 c5 2. Nf3 d6 3. d4 cxd4 4. Nxd4 Nf6 5. Nc3 a6 6. Be2 e5 7. Nb3 Be6 8. O-O
Be7 9. Qd3 b5 10. Qg3 Rg8 11. f4 Qc7 12. Bf3 Nbd7 13. a3 Nc5 14. fxe5 dxe5 15.
Nd5 Qd6 16. Nd4 Nfxe4 17. Qe1 Bxd5 18. Nf5 Qc6 19. Nxe7 Kxe7 20. Qh4+ f6 21. b4
Nd7 22. Bb2 Ng5 23. Bxd5 Qxd5 24. Rad1 Qe4 25. Qf2 Rgc8 26. Rfe1 Qxc2 27. Rd2
Qc7 28. Red1 Rd8 29. h4 Ne6 30. Rc1 Qa7 31. Rdc2 Qxf2+ 32. Kxf2 Nf4 33. Rd1
Rac8 34. Rcd2 Ng6 35. h5 Nf4 36. g4 Nh3+ 37. Ke3 Ng5 38. Rd5 Nb6 39. R5d2 Nc4+
0-1

[Event "64. BEM 2010"]
[Site "Dortmund"]
[Date "2010.03.11"]
[Round "9.15"]
[White "Ziemek, Gerhard"]
[Black "Marienfeld, Udo"]
[Result "1-0"]
[WhiteElo "1717"]
[BlackElo "1334"]
[PlyCount "99"]
[EventDate "2010.??.??"]
[Source "SG Dortmund"]
[SourceDate "2004.12.16"]

1. d4 c5 2. d5 Nf6 3. c4 d6 4. Nc3 e5 5. e4 Be7 6. Be2 a6 7. a4 Nbd7 8. Nf3 O-O
9. O-O Nb6 10. a5 Nbd7 11. Ng5 h6 12. Nf3 b6 13. Nh4 Nxe4 14. Nxe4 Bxh4 15.
Nxd6 Bg5 16. Bxg5 Qxg5 17. axb6 Nxb6 18. Ne4 Qg6 19. Nxc5 Bh3 20. Bf3 Nxc4 21.
Kh1 e4 22. Bxe4 Bf5 23. Bf3 Nxb2 24. Qd4 Nd3 25. Ne4 Nf4 26. Ng3 Qg5 27. Ra4
Ng6 28. Nh5 f6 29. h4 Nxh4 30. Qxh4 Qg6 31. d6 Rad8 32. Rxa6 Bd3 33. Nf4 Qf5
34. Nxd3 Qxd3 35. Raa1 Rxd6 36. Qb4 Rd4 37. Qe7 Rh4+ 38. Kg1 Rb8 39. Rad1 Qf5
40. Rd8+ Rxd8 41. Qxd8+ Kh7 42. Bd5 Qe5 43. Qg8+ Kg6 44. Bf7+ Kf5 45. Qh7+ Kf4
46. g3+ Kg4 47. Qg6+ Kh3 48. Qd3 Re4 49. Bg6 f5 50. Qf3 1-0

[Event "64. BEM 2010"]
[Site "Dortmund"]
[Date "2010.03.11"]
[Round "9.16"]
[White "Skoecz, Horst"]
[Black "Campana, Rafael"]
[Result "0-1"]
[WhiteElo "1349"]
[BlackElo "1708"]
[PlyCount "105"]
[EventDate "2010.??.??"]
[Source "SG Dortmund"]
[SourceDate "2004.12.16"]

1. e4 c5 2. Nf3 d6 3. Bc4 e6 4. d4 cxd4 5. Nxd4 Nf6 6. Bd3 Be7 7. O-O O-O 8. c3
a6 9. Nf3 Nc6 10. Re1 e5 11. Qb3 Rb8 12. a4 Be6 13. Qc2 Rc8 14. Qd1 h6 15. b4
Nb8 16. h3 Nh7 17. Nh2 Qd7 18. Ng4 f5 19. exf5 Bxf5 20. Bxh6 Bxg4 21. hxg4 gxh6
22. Qc2 Bg5 23. Bf5 Qf7 24. Bxc8 Rxc8 25. Qf5 Qxf5 26. gxf5 Kf7 27. b5 Nf6 28.
f3 Bf4 29. Rd1 d5 30. Ra3 a5 31. Rb3 b6 32. Na3 Nbd7 33. Nb1 Rc4 34. Ra3 Nc5
35. Kf2 Nxa4 36. g3 Bg5 37. Rd3 Nc5 38. Rd1 h5 39. Re1 Nd3+ 40. Ke2 Nxe1 41.
Kxe1 h4 42. Kf2 hxg3+ 43. Kxg3 Nh5+ 44. Kh3 Kf6 45. Ra2 Kxf5 46. Nd2 Rxc3 47.
Kg2 Bxd2 48. Rxd2 Rb3 49. Rc2 Rxb5 50. Rc8 a4 51. Ra8 Ra5 52. Rh8 Nf4+ 53. Kg3
0-1

[Event "64. BEM 2010"]
[Site "Dortmund"]
[Date "2010.03.11"]
[Round "9.17"]
[White "Tekin, Baran"]
[Black "Benke, Werner"]
[Result "1-0"]
[WhiteElo "948"]
[BlackElo "1613"]
[PlyCount "132"]
[EventDate "2010.??.??"]
[Source "SG Dortmund"]
[SourceDate "2004.12.16"]

1. d4 d5 2. c4 e6 3. Nf3 Nf6 4. Bg5 Be7 5. e3 Nbd7 6. Bd3 a6 7. cxd5 exd5 8.
Nc3 O-O 9. O-O h6 10. Bh4 Re8 11. Qc2 c6 12. Rfe1 Kh8 13. a4 a5 14. Rab1 b6 15.
Na2 c5 16. Bb5 Ne4 17. Bxe7 Qxe7 18. Bc6 Rb8 19. Bxd5 Ndf6 20. Bc4 Bf5 21. Bd3
Rbc8 22. Qb3 c4 23. Bxc4 Nd6 24. Rbc1 Nxc4 25. Rxc4 Be6 26. Rec1 Rxc4 27. Rxc4
Bxc4 28. Qxc4 Qb7 29. Nc3 Rc8 30. Qb3 Ne4 31. h3 Nd6 32. Ne5 Kg8 33. Qa3 Nc4
34. Nxc4 Rxc4 35. Qb3 Rc7 36. e4 Qc6 37. d5 Qc5 38. e5 Qd4 39. d6 Rc8 40. e6
Qxd6 41. exf7+ Kf8 42. g3 Qd7 43. Qxb6 Qf5 44. Qd6+ Kxf7 45. g4 Qe6 46. Qxe6+
Kxe6 47. Kg2 Rc4 48. Kf3 Ke5 49. Ke3 g5 50. Kd3 Rb4 51. Kc2 Rf4 52. Nd1 Rxa4
53. Kb3 Ra1 54. Kc2 Kf4 55. Kd2 Kf3 56. Ne3 Rh1 57. Nc4 a4 58. Nb6 Ra1 59. Nc4
Kxf2 60. Ne3 Rh1 61. Nf5 Rxh3 62. Kc2 Kf3 63. Nd4+ Kxg4 64. Ne2 Rh2 65. Kd3
Rxe2 66. Kxe2 Kg3 {und Schwarz ueberschritt nach einer Reihe weiterer Zuege
schliesslich die Zeit ...} 1-0

[Event "64. BEM 2010"]
[Site "Dortmund"]
[Date "2010.03.11"]
[Round "9.18"]
[White "Noori, Mir Ahmad"]
[Black "Fahle, Karl-Wilhelm"]
[Result "1/2-1/2"]
[WhiteElo "1566"]
[BlackElo "1160"]
[PlyCount "68"]
[EventDate "2010.??.??"]
[Source "SG Dortmund"]
[SourceDate "2004.12.16"]

1. d4 Nf6 2. Nf3 e6 3. e3 b6 4. Be2 Bb7 5. a3 c5 6. c3 Be7 7. b3 O-O 8. O-O
cxd4 9. cxd4 d5 10. Bb2 Nbd7 11. Nbd2 Rc8 12. Rc1 Rxc1 13. Qxc1 Qc8 14. Qb1 Ba6
15. Rc1 Qb7 16. Bd3 Bxd3 17. Qxd3 Ne4 18. b4 Ndf6 19. Ne5 Nxd2 20. Qxd2 Ne4 21.
Qc2 Bd6 22. Qc6 Qb8 23. g3 Bxe5 24. dxe5 Nd2 25. Qc7 Nc4 26. Qxb8 Rxb8 27. Rc2
b5 28. Kf1 Nxb2 29. Rxb2 Rc8 30. Ra2 Rc4 31. Ke2 f6 32. exf6 gxf6 33. Kd3 e5
34. f3 Kf7 1/2-1/2

[Event "64. BEM 2010"]
[Site "Dortmund"]
[Date "2010.03.11"]
[Round "9.19"]
[White "Raabe, Hans-Ulrich"]
[Black "Rzoczek, Christoph"]
[Result "1/2-1/2"]
[WhiteElo "1338"]
[BlackElo "1468"]
[PlyCount "94"]
[EventDate "2010.??.??"]
[Source "SG Dortmund"]
[SourceDate "2004.12.16"]

1. e4 d5 2. exd5 Qxd5 3. Nc3 Qd6 4. Nf3 c6 5. d4 Nf6 6. Be2 Bf5 7. Bg5 Nbd7 8.
Qd2 Nd5 9. Nxd5 cxd5 10. Bf4 Qb6 11. c3 e6 12. Ne5 Nxe5 13. Bxe5 f6 14. Bg3 Bd6
15. Bxd6 Qxd6 16. Bb5+ Kf7 17. O-O g5 18. Bd3 Bg6 19. Be2 h5 20. f4 g4 21. Bd3
f5 22. h4 gxh3 23. gxh3 Qe7 24. Qf2 Qf6 25. Kh2 Ke7 26. Rg1 Kd6 27. Rg5 Rag8
28. Rag1 Bf7 29. Be2 h4 30. Qe3 a6 31. Qe5+ Qxe5 32. dxe5+ Ke7 33. Rxg8 Rxg8
34. Rxg8 Bxg8 35. Kg2 Kd7 36. Kf2 Kc6 37. Ke3 Bf7 38. a3 Be8 39. Kd4 b5 40. Bd1
Kb6 41. Bf3 a5 42. Be2 Bc6 43. b4 axb4 44. axb4 Be8 45. Bf3 Bg6 46. Be2 Be8 47.
Bf3 Bg6 1/2-1/2

[Event "64. BEM 2010"]
[Site "Dortmund"]
[Date "2010.03.11"]
[Round "9.20"]
[White "Gitschel, Peter"]
[Black "Vogt, Christian"]
[Result "1/2-1/2"]
[WhiteElo "1520"]
[BlackElo "1357"]
[PlyCount "70"]
[EventDate "2010.??.??"]
[Source "SG Dortmund"]
[SourceDate "2004.12.16"]

1. e4 e5 2. Nf3 Nf6 3. Nc3 Bb4 4. Nd5 Nxd5 5. exd5 e4 6. Nd4 Qf6 7. c3 Bc5 8.
d3 Bxd4 9. cxd4 Qxd4 10. dxe4 Qxe4+ 11. Be3 O-O 12. Rc1 c6 13. d6 b5 14. Qd3
Qb4+ 15. Qc3 Qxd6 16. Be2 Na6 17. O-O Bb7 18. Bf3 Rfe8 19. Rfe1 Qb4 20. Qc2 Qe7
21. a3 d5 22. Re2 Qd7 23. Rce1 Nc7 24. h3 a6 25. Bg4 Ne6 26. Qc3 Rad8 27. Bd4
g6 28. Bb6 d4 29. Qd2 Rc8 30. Bxe6 Rxe6 31. Rxe6 fxe6 32. Qxd4 Qxd4 33. Bxd4 c5
34. Bc3 {(=)} 34... Kf7 35. f4 Rd8 {(=)} 1/2-1/2

[Event "64. BEM 2010"]
[Site "Dortmund"]
[Date "2010.03.11"]
[Round "9.21"]
[White "Schirmer, Michael"]
[Black "Hübel, Carsten"]
[Result "1-0"]
[WhiteElo "1561"]
[BlackElo "1344"]
[PlyCount "63"]
[EventDate "2010.??.??"]
[Source "SG Dortmund"]
[SourceDate "2004.12.16"]

1. b4 e5 2. Bb2 d6 3. c4 Nf6 4. e3 Be7 5. Nf3 O-O 6. Be2 Bf5 7. O-O Nbd7 8. d3
Rb8 9. a4 c5 10. b5 a6 11. h3 Qc7 12. Nc3 Rfe8 13. e4 Bg6 14. Nh4 Nf8 15. a5
Qd8 16. b6 Nxe4 17. Nxg6 Nxc3 18. Nxe7+ Qxe7 19. Bxc3 Ng6 20. Bf3 f5 21. Re1
Qg5 22. Qc1 f4 23. g3 Nh4 24. Bd5+ Kh8 25. Kh2 Nf5 26. gxf4 exf4 27. Rxe8+ Rxe8
28. Qg1 Qh6 29. Re1 Rxe1 30. Qxe1 Qg6 31. Qe4 Qh5 32. Qe6 1-0

[Event "64. BEM 2010"]
[Site "Dortmund"]
[Date "2010.03.11"]
[Round "9.22"]
[White "Schrimpl, Michael"]
[Black "Gennat, Egon L"]
[Result "0-1"]
[WhiteElo "1496"]
[BlackElo "1353"]
[PlyCount "108"]
[EventDate "2010.??.??"]
[Source "SG Dortmund"]
[SourceDate "2004.12.16"]

1. c4 e5 2. Nc3 Nc6 3. Nf3 g6 4. g3 Bg7 5. Bg2 d6 6. d3 f5 7. Nd5 h6 8. Rb1 Nf6
9. Nxf6+ Qxf6 10. b4 O-O 11. b5 Nd8 12. e3 g5 13. h4 g4 14. Nh2 h5 15. O-O Bh6
16. Bb2 Qf7 17. f4 Bg7 18. Qd2 Be6 19. a4 Rb8 20. a5 c5 21. e4 Qd7 22. fxe5
dxe5 23. Rbd1 Nf7 24. exf5 Bxf5 25. Bd5 Rbd8 26. Qe3 Be6 27. Bxe6 Qxe6 28. Qxc5
b6 29. axb6 axb6 30. Qe3 Rfe8 31. Rfe1 Bf8 32. Qe4 Rd7 33. Kg2 Ra7 34. Ra1 Rxa1
35. Rxa1 Nd6 36. Qc6 Nf5 37. Qxe6+ Rxe6 38. Re1 Bc5 39. Nf1 Bd4 40. Bxd4 Nxd4
41. Nd2 Kg7 42. Ne4 Nc2 43. Re2 Nd4 44. Rf2 Nf3 45. Nd2 Ne1+ 46. Kg1 Nxd3 47.
Re2 Nc5 48. Ne4 Nxe4 49. Rxe4 Kf6 50. c5 bxc5 51. Rc4 Rb6 52. Rxc5 Ke6 53. Kf2
Kd6 54. Ke3 $4 Kxc5 0-1

[Event "64. BEM 2010"]
[Site "Dortmund"]
[Date "2010.03.11"]
[Round "9.23"]
[White "Schoppe, Hans-Werner"]
[Black "Jentzsch, Werner Wilfried"]
[Result "0-1"]
[WhiteElo "1224"]
[BlackElo "1441"]
[PlyCount "84"]
[EventDate "2010.??.??"]
[Source "SG Dortmund"]
[SourceDate "2004.12.16"]

1. d4 e6 2. e4 c5 3. c3 cxd4 4. cxd4 Bb4+ 5. Bd2 Qb6 6. Bxb4 Qxb4+ 7. Qd2 Nc6
8. Nf3 Qxd2+ 9. Kxd2 Nf6 10. Nc3 a6 11. Bd3 Nb4 12. Bb1 d5 13. exd5 Nbxd5 14.
Nxd5 exd5 15. Re1+ Be6 16. Ng5 Kd7 17. h3 h6 18. Nf3 Rac8 19. g4 g5 20. Ne5+
Kd6 21. Bd3 Nd7 22. Nxd7 {(=)} 22... Bxd7 23. Rac1 Rxc1 24. Kxc1 h5 25. Bf5
hxg4 26. Bxd7 Kxd7 27. hxg4 Kd6 28. Re5 f6 29. Rf5 Ke6 30. f4 Rh1+ 31. Kd2 Rh2+
32. Ke3 {(=)} 32... gxf4+ 33. Rxf4 Rxb2 34. Rf2 Rxf2 35. Kxf2 f5 36. gxf5+ Kxf5
37. Kf3 b5 38. Ke3 b4 39. Kf3 a5 40. Ke3 a4 41. Kf3 b3 42. axb3 axb3 0-1

[Event "64. BEM 2010"]
[Site "Dortmund"]
[Date "2010.03.11"]
[Round "9.25"]
[White "Krüger, Inge"]
[Black "Müller, Michaela"]
[Result "1-0"]
[WhiteElo "1390"]
[BlackElo "1042"]
[PlyCount "79"]
[EventDate "2010.??.??"]
[Source "SG Dortmund"]
[SourceDate "2004.12.16"]

1. d4 e6 2. c4 d5 3. Nc3 g6 4. Nf3 Nf6 5. e3 Bg7 6. cxd5 exd5 7. Be2 c6 8. O-O
O-O 9. b3 Bf5 10. h3 Nbd7 11. Bb2 Nb6 12. Nh4 Qd7 13. Nxf5 Qxf5 14. Bd3 Qd7 15.
Ne2 Rfe8 16. Qc2 Qc7 17. Ng3 Rad8 18. Rac1 Nc8 19. Qb1 Nd6 20. Rfe1 Nde4 21.
Nf1 Bf8 22. Re2 Rc8 23. a3 Bd6 24. b4 a6 25. b5 axb5 26. Bxb5 Qb6 27. Bd3 Re7
28. Qa1 Ra8 29. Rb1 Qd8 30. Bc1 Rb8 31. a4 Bc7 32. Ra2 Ba5 33. Bd2 Nxd2 34.
Nxd2 Bxd2 35. Rxd2 Qa5 36. Rdb2 Qd8 37. a5 Qc8 38. a6 Kg7 39. axb7 Rexb7 40.
Rxb7 {und Schwarz ueberschritt die Zeit ...} 1-0

[Event "64. BEM 2010"]
[Site "Dortmund"]
[Date "2010.03.11"]
[Round "9.26"]
[White "Böckmann, Lieselotte"]
[Black "Rüttiger, Volker"]
[Result "0-1"]
[WhiteElo "922"]
[BlackElo "1213"]
[PlyCount "78"]
[EventDate "2010.??.??"]
[Source "SG Dortmund"]
[SourceDate "2004.12.16"]

1. d4 d5 2. c4 c6 3. e3 dxc4 4. Bxc4 Nf6 5. Ne2 Bf5 6. Nbc3 e6 7. a4 a5 8. O-O
Bb4 9. Na2 Bd6 10. f4 Nbd7 11. Nac3 O-O 12. Qe1 Ne4 13. Nxe4 Bxe4 14. Ng3 Bd5
15. Bd3 c5 16. e4 Bc6 17. Nh5 Re8 18. e5 Bf8 19. Qg3 cxd4 20. Qh3 h6 21. Qg3
Rb8 22. Bd2 b6 23. f5 Kh8 24. Rae1 Nc5 25. f6 g5 26. h4 Nxd3 27. Qxd3 Qd5 28.
Rf2 Bb4 29. Bxb4 axb4 30. hxg5 Rg8 31. Qe4 Qxe4 32. Rxe4 Bxe4 33. Re2 Rxg5 34.
Nf4 Bf3 35. Rf2 Bd1 36. Kf1 Bxa4 37. Nxe6 fxe6 38. f7 Rf8 39. Rf6 Rf5+ 0-1

[Event "64. BEM 2010"]
[Site "Dortmund"]
[Date "2010.03.11"]
[Round "9.27"]
[White "Schirmer, Florian"]
[Black "Rabe, Mark"]
[Result "1/2-1/2"]
[WhiteElo "1202"]
[BlackElo "948"]
[PlyCount "22"]
[EventDate "2010.??.??"]
[Source "SG Dortmund"]
[SourceDate "2004.12.16"]

1. d4 d5 2. c4 e6 3. Nc3 Bb4 4. Nf3 Nc6 5. e3 Nf6 6. Bd3 O-O 7. O-O a6 8. Qb3
b6 9. Ne5 Bxc3 10. Nxc6 Qd6 11. cxd5 Nxd5 1/2-1/2

[Event "64. BEM 2010"]
[Site "Dortmund"]
[Date "2010.03.11"]
[Round "9.28"]
[White "Strotmann, Dieter"]
[Black "Schlepütz, Volker"]
[Result "0-1"]
[WhiteElo "1274"]
[BlackElo "1216"]
[PlyCount "52"]
[EventDate "2010.??.??"]
[Source "SG Dortmund"]
[SourceDate "2004.12.16"]

1. e4 d6 2. d4 Nf6 3. Nc3 g6 4. Nf3 Bg7 5. Be3 c6 6. Qd2 O-O 7. Bh6 Re8 8. Bxg7
Kxg7 9. Be2 Nbd7 10. h4 e5 11. O-O-O b5 12. a3 Rb8 13. b4 a5 14. Ne1 axb4 15.
axb4 Ra8 16. Kb2 Qb6 17. Qe3 Qa7 18. Nb1 Qa1+ 19. Kc1 Bb7 20. h5 Ra2 21. Qc3
Nxe4 22. Qxa1 Rxa1 23. Kb2 Nxf2 24. Kxa1 Nxh1 25. Nd3 Ng3 26. Nc3 exd4 0-1

[Event "64. BEM 2010"]
[Site "Dortmund"]
[Date "2010.03.11"]
[Round "9.29"]
[White "Hast, Stefan"]
[Black "Wangrin, Stefan A"]
[Result "1-0"]
[WhiteElo "1231"]
[BlackElo "1076"]
[PlyCount "91"]
[EventDate "2010.??.??"]
[Source "SG Dortmund"]
[SourceDate "2004.12.16"]

1. e4 e5 2. Nf3 Nc6 3. Bc4 Nd4 4. Nxe5 Qg5 5. Ng4 d5 6. Be2 Nxe2 7. Qxe2 Bxg4
8. Qb5+ Bd7 9. Qxb7 Rc8 10. O-O dxe4 11. d4 Qg6 12. Re1 Nf6 13. Nc3 c6 14. f3
Bh3 15. g4 Bxg4 16. fxg4 Qxg4+ 17. Kf2 Qf5+ 18. Ke2 Qf3+ 19. Kd2 Qf2+ 20. Ne2
e3+ 21. Kd1 Qf5 22. Bxe3 Bd6 23. Ng3 Qf3+ 24. Kc1 O-O 25. Qb3 Rfe8 26. Bd2
Rxe1+ 27. Bxe1 Bf4+ 28. Bd2 Bxd2+ 29. Kxd2 Qg2+ 30. Kd3 Re8 31. Re1 Qf3+ (31...
Rxe1 32. Qb8+ Ne8 $19) 32. Kd2 Qf4+ 33. Kd1 Rd8 34. Ne2 Qxh2 35. Qf3 Qd6 36. c3
g5 37. Rf1 Kg7 38. Ng3 Qe6 39. Re1 (39. Qxf6+ $1 Qxf6 40. Nh5+ Kg6 41. Nxf6)
39... Qxa2 40. Kc2 Qa4+ 41. b3 Qa2+ 42. Kd3 Qxb3 43. Qxc6 Ng4 44. Nh5+ Kf8 45.
Qc5+ Kg8 46. Qxg5+ 1-0

[Event "64. BEM 2010"]
[Site "Dortmund"]
[Date "2010.03.11"]
[Round "9.30"]
[White "Riepe, Markus"]
[Black "Schaefer, Ulrich"]
[Result "0-1"]
[WhiteElo "804"]
[BlackElo "1231"]
[PlyCount "74"]
[EventDate "2010.??.??"]
[Source "SG Dortmund"]
[SourceDate "2004.12.16"]

1. d4 d5 2. c4 e6 3. Nc3 Nf6 4. Nf3 h6 5. e3 Nc6 6. b3 Bb4 7. Bd2 O-O 8. Be2
Ne4 9. Nxe4 dxe4 10. Bxb4 Nxb4 11. Ne5 Qg5 12. O-O f6 13. f4 exf3 14. Rxf3 fxe5
15. a3 Rxf3 16. Bxf3 Qxe3+ 17. Kh1 Nd3 18. Qe2 Qxe2 19. Bxe2 Nf4 20. Bg4 exd4
21. Re1 Bd7 22. g3 Nd3 23. Bxe6+ Bxe6 24. Rxe6 Kf7 25. Re2 Re8 26. Rxe8 Kxe8
27. Kg1 c5 28. Kf1 Ke7 29. Ke2 Nc1+ 30. Kd2 Nxb3+ 31. Ke2 Ke6 32. Kd3 Ke5 33.
Kc2 Na5 34. Kd3 Kf5 35. h3 Nc6 36. Ke2 Ke4 37. g4 Ne5 0-1

[Event "64. BEM 2010"]
[Site "Dortmund"]
[Date "2010.03.11"]
[Round "9.32"]
[White "Reker, Gerhard"]
[Black "Wilkins, Petra"]
[Result "0-1"]
[WhiteElo "772"]
[BlackElo "783"]
[PlyCount "102"]
[EventDate "2010.??.??"]
[Source "SG Dortmund"]
[SourceDate "2004.12.16"]

1. e4 d6 2. d3 Nf6 3. Nc3 Nbd7 4. Nf3 e5 5. Be2 Be7 6. O-O O-O 7. Ng5 Re8 8.
Nd5 Nxd5 9. exd5 Bxg5 10. Bxg5 Qxg5 11. c4 Nc5 12. b3 b6 13. b4 Nd7 14. b5 a6
15. Qb3 Nc5 16. Qb2 Bb7 17. Qc2 a5 18. a4 Bc8 19. Qc3 Bf5 20. g3 e4 21. d4 Nd3
22. c5 Nf4 23. Qc4 Bh3 24. Rfc1 Bg2 25. gxf4 Bh3+ 26. fxg5 e3 27. f4 Re4 28.
Bf1 Bf5 29. Ra2 Rxf4 30. Rg2 Re8 31. Re1 Ree4 32. Ree2 Rf3 33. cxb6 Ref4 34.
Re1 Bh3 35. Be2 Rf2 36. Rf1 Rxg2+ 37. Kh1 Rff2 38. Rxf2 exf2 39. Qc1 cxb6 40.
Qd1 Rg1+ 41. Qxg1 fxg1=Q+ 42. Kxg1 Bf5 43. h4 Bg6 44. Kf2 Be4 45. Bc4 f6 46.
gxf6 gxf6 47. Kg3 f5 48. Kf4 Kg7 49. Kg5 Bc2 50. h5 h6+ 51. Kf4 Kf6 0-1

[Event "63. BEM 2009"]
[Site "Dortmund"]
[Date "2009.02.23"]
[Round "1.1"]
[White "Grawe, Herbert"]
[Black "Goldschmidt, Christian"]
[Result "0-1"]
[WhiteElo "1491"]
[BlackElo "2169"]
[PlyCount "64"]
[EventDate "2009.??.??"]
[Source "SG Dortmund"]
[SourceDate "2004.12.16"]

1. Nc3 Nf6 2. e4 d6 3. Bc4 c6 4. Bb3 b5 5. d3 Nbd7 6. f4 e5 7. f5 Nc5 8. Nf3 a5
9. a3 Nxb3 10. cxb3 Qb6 11. h3 h5 12. Qe2 Bd7 13. Be3 c5 14. O-O b4 15. Nd1
bxa3 16. Rxa3 Be7 17. Nf2 h4 18. Ng4 Nh5 19. Qf2 Ng3 20. Rc1 Rb8 21. Rca1 a4
22. Nd2 axb3 23. Rxb3 Qc7 24. Rxb8+ Qxb8 25. Nc4 f6 26. Bd2 d5 27. exd5 Nxf5
28. Bc3 O-O 29. Ncxe5 fxe5 30. Nxe5 Be8 31. Qe2 Bd6 32. Ra6 Ng3 0-1

[Event "63. BEM 2009"]
[Site "Dortmund"]
[Date "2009.02.23"]
[Round "1.2"]
[White "Kartsev, Soel"]
[Black "Zabel, Reinhard"]
[Result "1-0"]
[WhiteElo "2127"]
[BlackElo "1489"]
[PlyCount "89"]
[EventDate "2009.??.??"]
[Source "SG Dortmund"]
[SourceDate "2004.12.16"]

1. e4 e5 2. Nc3 Nf6 3. f4 Nc6 4. Nf3 d6 5. Bb5 Bg4 6. d4 exd4 7. Qxd4 Bd7 8.
Bxc6 Bxc6 9. O-O Be7 10. b4 a6 11. Bb2 O-O 12. Nd5 Bxd5 13. exd5 Qd7 14. Rae1
Rfe8 15. c4 Bf8 16. h3 Rxe1 17. Rxe1 Re8 18. Rxe8 Qxe8 19. a3 Qe4 20. Qxe4 Nxe4
21. Kf1 g6 22. Ke2 f5 23. a4 Kf7 24. a5 Be7 25. Bd4 Bd8 26. Kd3 Ke8 27. c5 Kd7
28. Kc4 c6 29. g4 Ng3 30. cxd6 Kxd6 31. Bc5+ Kd7 32. Ne5+ Kc7 33. d6+ Kb8 34.
Bb6 Bxb6 35. axb6 Kc8 36. Nxc6 Ne2 37. gxf5 gxf5 38. Ne7+ Kd7 39. Nxf5 Nxf4 40.
h4 Kc6 41. Kd4 Ne6+ 42. Ke5 Nd8 43. Kf6 Kb5 44. Nd4+ Kxb4 45. Ke7 1-0